00250 a2200073 45000010005000001000014000052450139000192600018001589783 aGreen PRC aNoise in the military empire V-3, Communication and information systems for battlefield command V-5bammunition in the land battle V-4 bBrasseyes Pub